Normal view MARC view

Entry Personal Name

Number of records used in: 1

001 - CONTROL NUMBER

  • control field: 263748

003 - CONTROL NUMBER IDENTIFIER

  • control field: OSt

005 - DATE AND TIME OF LATEST TRANSACTION

  • control field: 20260509123555.0

008 - FIXED-LENGTH DATA ELEMENTS

  • fixed length control field: 260509|| aca||aabn | a|a d

040 ## - CATALOGING SOURCE

  • Original cataloging agency: OSt
  • Transcribing agency: OSt

100 ## - HEADING--PERSONAL NAME

  • Personal name: JYOTHSNA KAMATH
  • Dates associated with a name: ಜ್ಯೋತ್ಸ್ನಾ ಕಾಮತ್

670 ## - SOURCE DATA FOUND

  • Source citation: Work cat.: (OSt)96860: JYOTHSNA KAMATH ಜ್ಯೋತ್ಸ್ನಾ ಕಾಮತ್, Karnatakada shikshana parampare., 1988